000
00221 a2200097 4500
001
26350
100
_a
Roth charles H
245
_a
Fundamental of logic design
260
_a
_b
West publishing co
_c
090
_c
17742
_d
17742
942
_a
NUST-CAE
_c
M
_c
8605
999
_c
261423
_d
261423